Políticas hacia la extrema pobreza en Chile 1973-1988

Sparad:
Bibliografiska uppgifter
Huvudupphovsman: Vergara, Pilar (Författare, medförfattare)
Materialtyp: Bok
Språk:spanska
Publicerad: Santiago FLACSO 1990
Ämnen:
Taggar: Lägg till en tagg
Inga taggar, Lägg till första taggen!

MARC

LEADER 00000cam a2200000 a 4500
001 UCX1517
003 CL-VaPUC
008 900912e19900000CL |||||||||||||||||spa|d
082 0 4 |a 361  |b VER  |2 21 
100 0 |a Vergara, Pilar  |e author  |9 317026 
245 1 0 |a Políticas hacia la extrema pobreza en Chile 1973-1988 
300 |a 354 p 
942 |c BK 
945 |d 19900912 00:00:00 
260 |a Santiago  |b FLACSO  |c 1990 
650 7 |a POLITICA SOCIAL 1973-1988  |2 CL-VaPUC  |9 317027 
651 7 |a CHILE  |2 CL-VaPUC  |9 317028 
583 |a last modification  |c 20190123 12:12:14  |k Rodrigo Vera 
999 |c 222725  |d 222723 
952 |0 0  |1 0  |4 0  |6 361_000000000000000_VER_1990  |7 0  |8 A  |9 217871  |a BIBGIM  |b BIBGIM  |d 2019-11-15  |i 286732K  |o 361 VER 1990  |p 286732K  |r 2025-01-15  |w 2019-11-15  |y BK  |k SSL 
952 |0 0  |1 0  |4 0  |6 361_000000000000000_VER_1990  |7 0  |8 A  |9 217872  |a BIBGIM  |b BIBGIM  |d 2019-11-15  |i 2867338  |l 1  |m 1  |o 361 VER 1990  |p 2867338  |r 2025-01-15  |s 2024-04-08  |w 2019-11-15  |y BK  |k SSL 
952 |0 0  |1 0  |4 0  |6 361_000000000000000_VER_1990  |7 0  |8 A  |9 217873  |a BIBGIM  |b BIBGIM  |d 2019-11-15  |i 2867346  |o 361 VER 1990  |p 2867346  |r 2025-01-15  |w 2019-11-15  |y BK  |k SSL 
952 |0 0  |1 0  |4 0  |6 361_000000000000000_VER_1990  |7 0  |8 A  |9 217874  |a BIBGIM  |b BIBGIM  |d 2019-11-15  |i 2867354  |o 361 VER 1990  |p 2867354  |r 2025-01-15  |w 2019-11-15  |y BK  |k SSL 
952 |0 0  |1 0  |4 0  |6 361_000000000000000_VER_1990  |7 0  |8 A  |9 217875  |a BIBGIM  |b BIBGIM  |d 2019-11-15  |i 2867362  |o 361 VER 1990  |p 2867362  |r 2025-01-15  |w 2019-11-15  |y BK  |k SSL 
952 |0 0  |1 0  |3 erb  |4 0  |6 361_000000000000000_VER_1990  |7 0  |8 A  |9 217876  |a BIBHIS  |b BIBHIS  |i 5530989  |o 361 VER 1990  |p 5530989  |r 2025-01-20  |w 2019-11-15  |y BK  |z Catalogado en:20190125  |k HIS